000
00273nam a2200121Ia 4500
008
241002s9999 xx 000 0 und d
082
_a
704.948297 RIC
100
_a
Rice, David Talbot
245
0
_a
Islamic Art
260
_a
New York:
_c
1965
600
_a
Art
942
_c
UC
999
_c
18459
_d
18459